[Event "GER-ch U18 sf Berlin Online"]
[Site "Playchess.com INT"]
[Date "2020.05.01"]
[Round "3"]
[White "Zemann, Till"]
[Black "Alves, Heinz Mateus"]
[Result "1-0"]
[WhiteElo "1620"]
[BlackElo "1620"]
[PlyCount "35"]
[EventDate "2020.05.01"]
[EventType "swiss (blitz)"]
[EventRounds "13"]
[EventCountry "GER"]
[SourceTitle "CBM 195 Extra"]
[Source "ChessBase"]
[SourceDate "2020.05.31"]
[SourceVersion "1"]
[SourceVersionDate "2020.05.31"]
[SourceQuality "1"]

1. e4 e5 2. Nf3 Nc6 3. Bb5 d6 4. Bxc6+ bxc6 5. d4 f6 6. dxe5 fxe5 7. 0-0 Ba6 8. Re1 Be7 9. Be3 Nf6 10. Qd2 Nxe4 11. Qa5 Bb5 12. Bxa7 d5 13. a4 Bc4 14. b3 Bxb3 15. cxb3 0-0 16. b4 Bd6 17. b5 cxb5 18. axb5 1-0